[Event "BRA Amateur-ch U1400"]
[Site "Sao Paulo"]
[Date "2022.11.06"]
[Round "7"]
[White "Safadi, Mariana"]
[Black "Ferreira, Wagner Maria Gangin"]
[Result "0-1"]
[WhiteElo "1800"]
[BlackElo "1157"]
[PlyCount "64"]
[EventDate "2022.11.03"]
[EventType "swiss"]
[EventRounds "7"]
[EventCountry "BRA"]
[SourceTitle "CBM 211 Extra"]
[Source "ChessBase"]
[SourceDate "2023.01.31"]
[SourceVersion "1"]
[SourceVersionDate "2023.01.31"]
[SourceQuality "1"]

1. e4 c5 2. Bc4 Nc6 3. Nf3 e6 4. Nc3 a6 5. a3 Qc7 6. d3 Nf6 7. Bg5 Be7 8. Ne2 Ne5 9. Nxe5 Qxe5 10. Bxf6 Bxf6 11. c3 0-0 12. d4 Qxe4 13. f3 Qe3 14. Qd3 Qg5 15. 0-0 d5 16. Ba2 c4 17. Qc2 Re8 18. f4 Qh6 19. Kh1 g6 20. Ng3 Bh4 21. Rf3 Bxg3 22. Rxg3 Qxf4 23. Rf3 Qc7 24. Re1 e5 25. dxe5 Rxe5 26. Qf2 Rxe1+ 27. Qxe1 Bd7 28. b3 b5 29. bxc4 dxc4 30. Qe7 Rf8 31. Qh4 Qd6 32. a4 Qd1+ 0-1

[Event "BRA Amateur-ch U1400"]
[Site "Sao Paulo"]
[Date "2022.11.03"]
[Round "1"]
[White "De Azevedo Filho, Wilson"]
[Black "Safadi, Mariana"]
[Result "1-0"]
[WhiteElo "1209"]
[BlackElo "1800"]
[PlyCount "55"]
[EventDate "2022.11.03"]
[EventType "swiss"]
[EventRounds "7"]
[EventCountry "BRA"]
[SourceTitle "CBM 211 Extra"]
[Source "ChessBase"]
[SourceDate "2023.01.31"]
[SourceVersion "1"]
[SourceVersionDate "2023.01.31"]
[SourceQuality "1"]

1. d4 Nf6 2. Bf4 g6 3. Nf3 Bg7 4. e3 d5 5. Be2 Bf5 6. Bd3 Bg4 7. Nbd2 Nc6 8. c3 0-0 9. h3 Bxf3 10. Nxf3 Re8 11. 0-0 Nh5 12. Bh2 e5 13. dxe5 Nxe5 14. Be2 Nxf3+ 15. Bxf3 Nf6 16. Qc2 c6 17. Rad1 Qb6 18. b3 Ne4 19. Bxe4 dxe4 20. Rd7 Rad8 21. Bc7 Rxd7 22. Bxb6 axb6 23. Rd1 Rxd1+ 24. Qxd1 Bxc3 25. Qd7 Re6 26. Qxb7 c5 27. Kf1 Rd6 28. Qb8+ 1-0